000 00703nam a2200289Ia 4500
005 20260324144752.0
008 008 260324s9999 xx 000 0 eng d
020 _a9781351189071
037 _aEBOOK
040 _aCRL
040 _beng
040 _cCRL
041 _2eng
041 _aeng
084 _qCRL
100 _aSteven P. Feldman
_91117200
245 4 _aThe Culture of Monopoly Management
245 3 _bAn Interpretive Study in an American Utility
260 _bTaylor and Francis
260 _c1986
365 _a
365 _b83.99
856 _uhttp://www.taylorfrancis.com/books/9781351189071
942 _cEBOOK
999 _c1827571
_d1827571